000 00615nam a22002057a 4500
003 OSt
005 20140310181733.0
008 130319t xxu||||| |||| 00| 0 eng d
020 _a9719200405
050 _aPL 1125
_b.W246 1998
082 _aTR 895.189921
_bW18 1998
100 _aWangli, Mr. John
_91499
245 _aPractical guide to Chinese-Filipino-English conversation :
_blove story of David & Chris /
_cJohn Wangli, Li Weidong, Hu Xiumei
260 _aPasig :
_bWorldlink Books,
_cc1998.
300 _a158 p.
_c25 cm.
521 _aFaculty
541 _j1
562 _e1
942 _2lcc
_cBK-TR
_kTR
999 _c2486
_d2486